01119nam a2200289 i 4500003000900000005001700009007000300026008004100029040003000070082001400100245016300114250002900277264008900306300002600395336002700421337003400448338002800482490003400510504002500544590002700569700003800596700004500634910001400679942001400693952010500707999001700812DO-SdBNP20230913141921.0ta110413s1978 xxu 000 j spa d aDO-SdBNPbspacBNPHUerda bS452r22200aReglas para la ordenación alfabética de los catálogos :bde la American Library Association /ceditora Pauline A. Seely ; traducción Beatriz E. Tavano a2a. edición abreviada  1aWashington, D. C. Estados Unidos :bOrganización de los Estados Americanos,c1978. a87 páginas c27 cm. 2rdacontentatextobtxt 2rdamediaasin mediación bn 2rdacarrieravolumenbnc1 aManuales del bibliotecariov8 aBibliografía p: 89 aInventariado, 2023/ YL1 aSeely, Pauline A.eeditora9841281 aTavano, Beatriz E.etraducción 984129 aYLockward 2ddccLBS1 00102ddc56708DSaBNPHUbBNPHUcCTd2023-09-13l0oS452rp2023-5849r2023-09-13w2023-09-13yLBS1 c54736d54736